000 00519cam a2200145 4500500
005 20251012032512.0
041 _afre
042 _adc
100 1 0 _aSesé, Bernard
_eauthor
245 0 0 _aNathan Wachtel, La foi du souvenir. Labyrinthes marranes, Seuil, 2001 ; « La Librairie du XXIe siécle », 504 pages.
260 _c2002.
500 _a31
786 0 _nSigila | 9 | 1 | 2002-06-20 | p. 197-201 | 1286-1715
856 4 1 _uhttps://shs.cairn.info/revue-sigila-2002-1-page-197?lang=fr&redirect-ssocas=7080
999 _c1547462
_d1547462